Defense Contractor or Law Firm - Statistics

General Stats
  • This quiz has been taken 18 times
  • The average score is 8 of 10
Answer Stats
Question Answer % Correct
Leidos Defense Contractor
100%
Northrop Grummon Defense Contractor
100%
Holland & Knight Law Firm
100%
Jones Day Law Firm
100%
Honeywell Defense Contractor
80%
Cooley Law Firm
80%
Booz Allen Hamilton Defense Contractor
60%
Huntington Ingalls Defense Contractor
60%
Venable Law Firm
60%
CMS Law Firm
60%
No matching quizzes found
Score Distribution
Percent of People with Each Score
Percentile by Number Answered
Your Score History
You have not taken this quiz